| 000 | 00783nam a2200229Ia 4500 | ||
|---|---|---|---|
| 999 |
_c41599 _d41599 |
||
| 001 | 8268 | ||
| 003 | GE_BSU | ||
| 005 | 20240307120041.0 | ||
| 008 | 181216s2010||||en |||||||||||||| ||enk|| | ||
| 020 | _a97811842168219. | ||
| 041 | _aeng. | ||
| 080 | _a811.111'36(075.8) E-93 | ||
| 100 |
_aEvans, Virginia _93157 |
||
| 245 |
_aEnterprise 4 : Course Book : Intermediate / _cVirginia Evans ; Jenny Dooley ; Editor in Chifer : Mary Palmer. |
||
| 264 |
_aMade in EU : _bExpress Publishing, _c2010. |
||
| 300 |
_a198 p. : _bill. ; _c27 cm. |
||
| 653 | _aEnterprise 4 : Course Book | ||
| 653 | _aინგლისური ენის გრამატიკა | ||
| 700 |
_aDooley, Jenny _93165 |
||
| 700 |
_aPalmer, Mary _eრედაქტორი _93167 |
||
| 942 |
_cBK _2udc |
||